000 00579nam a2200193Ia 4500
003 GCL
008 140319s9999 xx 000 0 ara d
040 _aGCL /
_cGCL
082 0 4 _a953.41
_bى س
100 1 _aيوسف الشارونى
245 1 0 _aسندباد فى عمان /
_cيوسف الشارونى
260 _a[S.N] :
_bالهيئة المصرية العامة للكتاب ،
_c1986
300 _a322 ص
490 _a
650 0 4 _aالعصر الحديث
650 0 4 _aالاحوال الاجتماعية
650 0 4 _aسلطنة عمان
942 _2ddc
_cBK
999 _c30092
_d30092